000 02049cam a22004694i 4500
003 PE-LiUPU
005 20250731172916.0
008 150617s1977 sp rb 000 0 spa d
035 _a(Sirsi) a18897
040 _aPE-LiUPU
_bspa
_cPE-LiUPU
_erda
049 _aPRUA
082 0 4 _a253.2
_bM26
_221
100 1 _aMartínez, José M,
_eautor.
245 1 0 _aMinistros de Jesucristo (Pastoral) /
_cJosé M. Martínez.
264 1 _aBarcelona :
_bClie,
_c1977.
300 _a226 páginas ;
_c19 centímetros.
336 _atext
_2rdacontent
337 _aunmediated
_2rdamedia
338 _avolume
_2rdacarrier
490 0 _aCurso de formación teológica evangélica ;
_v11
504 _aIncluye bibliografía.
505 0 _aConcepto bíblico del pastorado -- Psicología y pastoral -- El pastor como consejero -- Problemas de la fe -- Sentimientos de culpa -- Experiencias de tribulación -- Problemas conyugales -- La problemática de la juventud -- Problemas en relación con la iglesia -- La disciplina -- La autoridad pastoral -- La organización en la iglesia -- La función directiva -- Las relaciones humanas en la gestión directiva -- Reuniones administrativas -- La dirección del culto -- La iglesia local y la evangelización -- La enseñanza -- Comunión y servicio.
526 _aSEG42
526 _aSEG41
526 _aSEG40
526 _aSEG39
526 _aP94
526 _aP87
526 _aP86
526 _aP85
526 _aP77
526 _aP76
526 _aP35
650 0 4 _aTeología pastoral.
_91381
910 _ajck
_bjvq
_cjck
_d20150616
942 _2ddc
_cBOOK
949 _a253.2 M26
_wDEWEY
_c1
_i19295
_lCCODEBUL1
_mBUL
_p00.00
_r0
_sY
_tBOOK
_u19810828
_xTEOLOGIA
_PP35
_0COMPRA
_o.STAFF. Colección General
994 _aC0
_bPEPRU
596 _a1
999 _a253.2 M26
_wDEWEY
_c18639
_i19295
_d18639
_e2016-6-17
_f2021-11-12
_g5
_lCCODEBUL1
_mBUL
_n1
_p15.00
_r0
_sY
_tBOOK
_u2015-6-17
_xTEOLOGIA
_PP35
_0COMPRA
_o.STAFF. Colección Teología
980 _81
_gALBERTO SANCHEZ Responsable de Automatización